| 000 | 01227nam a22003617a 4500 | ||
|---|---|---|---|
| 003 | CHAP | ||
| 005 | 20220817041042.0 | ||
| 008 | 971013s1990 r 10010 d | ||
| 010 | _a5358 | ||
| 011 | _a6330 | ||
| 035 | _a5550 | ||
| 040 | _cCHAP | ||
| 082 |
_a382.6972 _bF6 |
||
| 111 | 0 | 0 |
_aForo Nacional de Consulta Las Relaciones Comerciales de México con el Mundo ( _d1990 _c: México, D. F.) |
| 245 | _aMemoria | ||
| 260 |
_aMéxico, D.F. : _bEl Senado, _c1990 - 19--. |
||
| 300 | _a4 v | ||
| 490 | _aCuadernos del Senado | ||
| 500 | _a57-1 | ||
| 590 |
_aBATCH-UPD _b10 _c20130110 _lUCH01 _h1332 |
||
| 590 |
_aBATCH-UPD _b10 _c20130410 _lUCH01 _h0837 |
||
| 590 |
_aBATCH-UPD _b10 _c20130914 _lUCH01 _h1012 |
||
| 590 |
_aCONVERSION _b10 _c20130109 _lUCH01 _h1304 |
||
| 650 | 1 | 4 |
_aComercio internacional. _925641 |
| 650 | 1 | 4 |
_aComercio _zMéxico. _925624 |
| 830 | 0 |
_aCuadernos del Senado _929851 |
|
| 901 | _aBK | ||
| 942 | _cLIBRO | ||
| 949 |
_a382.6972 F6 _bBC _cLIBRO _d-15136 _eLIBRO _h79542 _i5550 _si |
||
| 949 |
_a382.6972 F6 _bBC _cLIBRO _d-73842 _eLIBRO _fc.2 _h79543 _i5550 _si |
||
| 949 |
_a382.6972 F6 _bBC _cLIBRO _d-73843 _eLIBRO _fv.3 _h79030 _i5550 _si |
||
| 949 |
_a382.6972 F6 _bBC _cLIBRO _d-73844 _eLIBRO _fv.4 _h79048 _i5550 _si |
||
| 999 |
_c5358 _d5358 |
||